000 00601nam a2200205 i 4500
001 61337
003 ES-MaACL
005 20230906164433.0
007 t|
008 031111s1966 sp ||||1| spa d
245 0 0 _aEuropa /
_cprólogo de Manuel Jiménez de Parga ; [traducción por Pedro Mulet Cerdá].
260 _aBarcelona :
_bPentaleu,
_c[1966]
300 _a189 p. ;
_c17 cm.
490 1 _aTextos
700 1 _aJiménez de Parga, Manuel.
_966509
700 1 _aMulet Cerdá, Pedro.
_984105
830 0 _aTextos
_9179017
852 _aES-MaACL
_jC-32688
_bR.63131
999 _c61337
_d61337